01026cam a22002771 4500001001300000003000400013005001700017008004100034010001700075035002000092040004600112042001200158050002500170082001300195100001700208245010100225260004800326300003100374490006500405490003200470504003300502650004100535650002500576830006900601810007800670l 49000057 DLC20260227111541.0871128s1949 dcua b f000 0 eng c al 49000057  a(OCoLC)17109585 aU.S. Dept. of Labor. LibrarycMidMidDLC apremarc00aHD8051b.A62 no. 961 a331.76561 aWood, Helen.10aEmployment outlook in railroad occupationsc[by Helen Wood, Gloria Count, and Raymond D. Larson] aWashington,bU.S. Govt. Print. Off.,c1949. aiii, 52 p.billus.c25 cm.1 aUnited States. Bureau of Labor Statistics. Bulletinvno. 9611 aOccupational outlook series a"Suggested readings": p. 50. 0aRailroadszUnited StatesxEmployees. 0aVocational guidance. 0aBulletin (United States. Bureau of Labor Statistics) ;vno. 961.1 aUnited States.bBureau of Labor Statistics.tOccupational outlook series.